<?xml version="1.0" encoding="UTF-8"?>
<record
    xmlns:xsi="http://www.w3.org/2001/XMLSchema-instance"
    xsi:schemaLocation="http://www.loc.gov/MARC21/slim http://www.loc.gov/standards/marcxml/schema/MARC21slim.xsd"
    xmlns="http://www.loc.gov/MARC21/slim">

  <leader>01538nam a22002537a 4500</leader>
  <controlfield tag="001">10124</controlfield>
  <controlfield tag="003">FISKH</controlfield>
  <controlfield tag="005">20260422090307.0</controlfield>
  <controlfield tag="008">260422b        cb ||||| |||| 00| 0 eng d</controlfield>
  <datafield tag="020" ind1=" " ind2=" ">
    <subfield code="a">9781529366136</subfield>
  </datafield>
  <datafield tag="040" ind1=" " ind2=" ">
    <subfield code="a">FISKH</subfield>
    <subfield code="b">eng</subfield>
    <subfield code="c">FISKH</subfield>
    <subfield code="d">FISKH</subfield>
  </datafield>
  <datafield tag="050" ind1=" " ind2=" ">
    <subfield code="a">BF778 .R35</subfield>
  </datafield>
  <datafield tag="082" ind1=" " ind2=" ">
    <subfield code="a">179.9</subfield>
  </datafield>
  <datafield tag="100" ind1=" " ind2=" ">
    <subfield code="a">Rai, Mandeep,</subfield>
  </datafield>
  <datafield tag="245" ind1=" " ind2=" ">
    <subfield code="a">The values compass :</subfield>
    <subfield code="b">what 101 countries teach us about purpose, life, and leadership /</subfield>
    <subfield code="c">Mandeep Rai.</subfield>
  </datafield>
  <datafield tag="260" ind1=" " ind2=" ">
    <subfield code="a">New York :</subfield>
    <subfield code="b">Simon &amp; Schuster,</subfield>
    <subfield code="c">2020.</subfield>
  </datafield>
  <datafield tag="300" ind1=" " ind2=" ">
    <subfield code="a">356 pages : </subfield>
    <subfield code="b">illustrations ; </subfield>
    <subfield code="c">20 cm</subfield>
  </datafield>
  <datafield tag="520" ind1=" " ind2=" ">
    <subfield code="a">Every day we make decisions based on what we believe in: values that define the ambitions we set, the choices we make, and the relationships we choose. In The Values Compass, Dr. Mandeep Rai shows how the countries of the world epitomize the power of values, provide an ideal guide to help us understand our own, and teach us important lessons about success. From Moroccan compromise to Armenian survival and American entrepreneurship, The Values Compass shows how we can incorporate the values that animate nations into our own lives--seeing ourselves through the eyes of the world, and shedding new light on the opportunities and challenges that define us. The result is an insightful and readable collection that helps us reflect on the values that matter most, last longest, and have the greatest power to create change.</subfield>
  </datafield>
  <datafield tag="650" ind1=" " ind2=" ">
    <subfield code="2">Fast</subfield>
    <subfield code="a">Conduct of life.</subfield>
  </datafield>
  <datafield tag="650" ind1=" " ind2=" ">
    <subfield code="a">Values.</subfield>
    <subfield code="v">Fears</subfield>
  </datafield>
  <datafield tag="650" ind1=" " ind2=" ">
    <subfield code="a">Social values. </subfield>
  </datafield>
  <datafield tag="942" ind1=" " ind2=" ">
    <subfield code="2">ddc</subfield>
    <subfield code="c">BK</subfield>
    <subfield code="n">0</subfield>
  </datafield>
  <datafield tag="999" ind1=" " ind2=" ">
    <subfield code="c">10124</subfield>
    <subfield code="d">10124</subfield>
  </datafield>
  <datafield tag="952" ind1=" " ind2=" ">
    <subfield code="0">0</subfield>
    <subfield code="1">0</subfield>
    <subfield code="2">ddc</subfield>
    <subfield code="4">0</subfield>
    <subfield code="7">0</subfield>
    <subfield code="8">NFIC</subfield>
    <subfield code="a">001</subfield>
    <subfield code="b">001</subfield>
    <subfield code="c">ATKSNF</subfield>
    <subfield code="d">2026-04-22</subfield>
    <subfield code="l">1</subfield>
    <subfield code="o">RAI 179.9 BF778 .R35 </subfield>
    <subfield code="p">2026-0512</subfield>
    <subfield code="q">2026-05-12</subfield>
    <subfield code="r">2026-04-28 08:01:20</subfield>
    <subfield code="s">2026-04-28</subfield>
    <subfield code="t">1</subfield>
    <subfield code="w">2026-04-22</subfield>
    <subfield code="y">BK</subfield>
  </datafield>
  <datafield tag="952" ind1=" " ind2=" ">
    <subfield code="0">0</subfield>
    <subfield code="1">0</subfield>
    <subfield code="2">ddc</subfield>
    <subfield code="4">0</subfield>
    <subfield code="7">0</subfield>
    <subfield code="8">NFIC</subfield>
    <subfield code="a">002</subfield>
    <subfield code="b">002</subfield>
    <subfield code="c">SNS</subfield>
    <subfield code="d">2026-04-22</subfield>
    <subfield code="l">1</subfield>
    <subfield code="o">RAI 179.9 BF778 .R35 </subfield>
    <subfield code="p">2026-0516</subfield>
    <subfield code="q">2026-05-13</subfield>
    <subfield code="r">2026-04-29 11:22:39</subfield>
    <subfield code="s">2026-04-29</subfield>
    <subfield code="t">2</subfield>
    <subfield code="w">2026-04-22</subfield>
    <subfield code="y">BK</subfield>
  </datafield>
</record>
